5HLuxD.jpg

KING HENRY VIII SENIOR AND PRIMARY SCHOOL LIBRARY OPAC

The Catcher in the rye / (Record no. 150)

000 -LEADER
fixed length control field 00929cam a2200301 a 4500
001 - CONTROL NUMBER
control field vtls001154929
003 - CONTROL NUMBER IDENTIFIER
control field VRT
005 - DATE AND TIME OF LATEST TRANSACTION
control field 20190729105700.0
008 - FIXED-LENGTH DATA ELEMENTS--GENERAL INFORMATION
fixed length control field 091021s1991 mau 000 1 eng d
020 ## - INTERNATIONAL STANDARD BOOK NUMBER
International Standard Book Number 0316769487 (pbk.)
020 ## - INTERNATIONAL STANDARD BOOK NUMBER
International Standard Book Number 9780316769488 (pbk.) :
035 ## - SYSTEM CONTROL NUMBER
System control number (OCoLC)ocn439684356
040 ## - CATALOGING SOURCE
Original cataloging agency SILIS
Language of cataloging eng
Modifying agency TKU
Transcribing agency KH8
042 ## - AUTHENTICATION CODE
Authentication code nbic
082 ## - DEWEY DECIMAL CLASSIFICATION NUMBER
Classification number FIC SAL
090 ## - LOCALLY ASSIGNED LC-TYPE CALL NUMBER (OCLC); LOCAL CALL NUMBER (RLIN)
Classification number (OCLC) (R) ; Classification number, CALL (RLIN) (NR) PS3537.A4
Local cutter number (OCLC) ; Book number/undivided call number, CALL (RLIN) C37 1991
100 1# - MAIN ENTRY--PERSONAL NAME
Personal name Salinger, J. D.
245 14 - TITLE STATEMENT
Title The Catcher in the rye /
Statement of responsibility, etc. J. D. Salinger.
260 ## - PUBLICATION, DISTRIBUTION, ETC.
Place of publication, distribution, etc. Boston ;
-- Toronto ;
-- London :
Name of publisher, distributor, etc. Little, Brown and Company,
Date of publication, distribution, etc. 1991.
300 ## - PHYSICAL DESCRIPTION
Extent 214 str. ;
Dimensions 18 cm.
650 #0 - SUBJECT ADDED ENTRY--TOPICAL TERM
Topical term or geographic name entry element Runaway teenagers
Form subdivision Fiction.
650 #0 - SUBJECT ADDED ENTRY--TOPICAL TERM
Topical term or geographic name entry element Caulfield, Holden (Fictitious character)
650 #0 - SUBJECT ADDED ENTRY--TOPICAL TERM
Topical term or geographic name entry element Caulfield, Holden (Fictitious character)
Form subdivision Fiction.
650 #0 - SUBJECT ADDED ENTRY--TOPICAL TERM
Topical term or geographic name entry element Runaway teenagers
Form subdivision Fiction.
651 #0 - SUBJECT ADDED ENTRY--GEOGRAPHIC NAME
Geographic name New York (N.Y.)
Form subdivision Fiction.
651 #0 - SUBJECT ADDED ENTRY--GEOGRAPHIC NAME
Geographic name New York (N.Y.)
Form subdivision Fiction.
942 ## - ADDED ENTRY ELEMENTS (KOHA)
Source of classification or shelving scheme
Koha item type Books - Fiction
Holdings
Withdrawn status Lost status Source of classification or shelving scheme Damaged status Not for loan Collection code Permanent Location Current Location Shelving location Date acquired Total Checkouts Full call number Barcode Date due Date last seen Date last checked out Price effective from Koha item type
          Fiction KH8 Senior School Library KH8 Senior School Library Fiction 2019-07-29 4 FIC SAL 3KHSL000101013 2026-04-24 2026-04-08 2026-04-08 2019-07-29 Books - Fiction

Powered By KH8 IT Dept